Systems analysis and simulation in ecology. (Record no. 35391)

MARC details
000 -LEADER
fixed length control field 00899cam a2200265 4500
001 - CONTROL NUMBER
control field 819970
003 - CONTROL NUMBER IDENTIFIER
control field OSt
005 - DATE AND TIME OF LATEST TRANSACTION
control field 20220509152800.0
008 - FIXED-LENGTH DATA ELEMENTS--GENERAL INFORMATION
fixed length control field 710722m19719999nyua b 001 0 eng
010 ## - LIBRARY OF CONGRESS CONTROL NUMBER
LC control number 76127695
020 ## - INTERNATIONAL STANDARD BOOK NUMBER
International Standard Book Number 0125472013 (v. 1)
040 ## - CATALOGING SOURCE
Original cataloging agency DLC
Transcribing agency HU
Modifying agency DLC
050 00 - LIBRARY OF CONGRESS CALL NUMBER
Classification number QH541.15.M3
Item number S9
082 00 - DEWEY DECIMAL CLASSIFICATION NUMBER
Classification number 574.5/01/84
245 00 - TITLE STATEMENT
Title Systems analysis and simulation in ecology.
Statement of responsibility, etc. Edited by Bernard C. Patten.
260 ## - PUBLICATION, DISTRIBUTION, ETC.
Place of publication, distribution, etc. New York,
Name of publisher, distributor, etc. Academic Press,
Date of publication, distribution, etc. 1971-
300 ## - PHYSICAL DESCRIPTION
Extent v.
Other physical details illus.
Dimensions 24 cm.
500 ## - GENERAL NOTE
General note Vols. 3-4 based on proceedings of a symposium held Mar. 1-3, 1975, at the University of Georgia.
504 ## - BIBLIOGRAPHY, ETC. NOTE
Bibliography, etc. note Includes bibliographies.
650 #0 - SUBJECT ADDED ENTRY--TOPICAL TERM
Topical term or geographic name entry element Ecology
General subdivision Mathematical models.
9 (RLIN) 9391
650 #0 - SUBJECT ADDED ENTRY--TOPICAL TERM
Topical term or geographic name entry element Ecology
General subdivision Data processing.
9 (RLIN) 36807
700 1# - ADDED ENTRY--PERSONAL NAME
Personal name Patten, Bernard C.,
Dates associated with a name 1931-
Relator term ed.
9 (RLIN) 36808
906 ## - LOCAL DATA ELEMENT F, LDF (RLIN)
a 7
b cbc
c orignew
d 2
e ncip
f 19
g y-gencatlg
942 ## - ADDED ENTRY ELEMENTS (KOHA)
Source of classification or shelving scheme Dewey Decimal Classification
Koha item type Books like text book referance book
Suppress in OPAC No
Holdings
Withdrawn status Lost status Source of classification or shelving scheme Damaged status Not for loan Collection code Home library Current library Shelving location Date acquired Total Checkouts Full call number Barcode Date last seen Copy number Price effective from Koha item type
    Dewey Decimal Classification     Reference Wondo Genet Library Wondo Genet Library General Stacks 05/09/2022   574.5/01/84 SYS 1971 WGCFNRL00019877 05/09/2022 1 05/09/2022 Books like text book referance book